000 00665nam a2200193Ia 4500
003 SGT
020 _a9780070648111
082 _a621.381
_bTUB
100 _aTaub,Herbert
245 _aPrincipales of communication systems
250 _a3rd Ed.
260 _bTata McGraw Hill Education Private Limited
_aNew Delhi
_c2009
300 _a842p.
650 _aELECTRONICS ENGINEERING
653 _aINTRODUCTION:SIGNAL AND SPECTRA,RANDOM VARIABLE AND PROCESSES,AMPLITUDE-MODULATION SYSTEMS,ANGLE MODULATION,PHASE LOCKED LOOPS,OPTIMAL RECEPTION OF DIGITAL SIGNAL,INFORMATION THEORY AND CODING
700 _aSaha,G
700 _aSchilling,Donald,L.
942 _2ddc
_cBK
999 _c5211
_d5211